000 00347nam a2200145Ia 4500
003 OSt
005 20240104112248.0
008 170524s9999 xx 000 0 und d
020 _a9781412914239
040 _cIIMT UNIVERSITY
100 _aFINK- ARLENE
245 0 _aHOW TO CONDUCT SURVEYS A STEP BY STEP GUIDE
260 _bSAGE
942 _2ddc
_c02
999 _c8279
_d8279